Journal of the Royal Statistical Society series B: Statistical methodology
Enregistré dans:
| Format: | Publication en série |
|---|---|
| Langue: | anglais |
| Publié: |
Oxford
Blackwell Publ.
2007
|
| Sujets: | |
| Tags: |
Pas de tags, Soyez le premier à ajouter un tag!
|
MARC
| LEADER | 00000nas2a2200000 4500 | ||
|---|---|---|---|
| 001 | 0129694 | ||
| 005 | 20110523111922.6 | ||
| 022 | |a 1369-7412 | ||
| 041 | 0 | |a eng | |
| 044 | |a GB | ||
| 245 | 1 | 0 | |a Journal of the Royal Statistical Society |b series B: Statistical methodology |
| 264 | 1 | |a Oxford |b Blackwell Publ. |c 2007 | |
| 773 | 0 | |w eu_un_cat*s121634 | |
| 610 | 2 | 0 | |a štatistika |
| 610 | 2 | 0 | |a metodológia |
| 610 | 2 | 0 | |a modely štatistické |